000 00371nam a22001571a 4500
020 _a9788126715367
082 _aH1
_bSUM/Y
100 _aSuman Kesari
245 _aYajnavalkya se bahas/
_cby Suman Kesari
260 _aNew Delhi:
_bRajkamal,
_c2008.
300 _a175p.
650 _aPoetry Hindi
650 _aLiterature Hindi
650 _aLiterature
942 _cBK
999 _c51544
_d51544